000 01473cam a2200169 4500500
005 20260208010850.0
041 _afre
042 _adc
100 1 0 _aMore Harrington, Thomas
_eauthor
245 0 0 _aBernard Grasset, Bible, Sagesse et Philosophie, Nice, Ovadia, 2012, 290 p., 22 €.
260 _c2015.
500 _a38
520 _aExiste-t-il une « politique deleuzienne » ? Comment se saisir aujourd’hui du legs philosophique, aussi stimulant que problématique, que nous laisse Gilles Deleuze ? La boîte à outils que constitue l’ensemble de ses développements prend des voies différentes en fonction de l’appareil avec lequel il se conjugue. On propose ainsi une présentation critique des principales lignes interprétatives de l’œuvre de Deleuze sur la question politique.
520 _aIs there a “Deleuzian Politics”? How is one to appropriate the philosophical legacy, as suggestive and problematic as it is, bequeathed to us by Gilles Deleuze? The toolbox consisting in his various reflections sets us in different directions according to the apparatus to which it is conjoined. In what follows, we propose a critical overview of the main interpretative threads of Deleuze’s works with respect to politics.
786 0 _nRevue philosophique de la France et de l'étranger | 140 | 1 | 2015-02-01 | p. 95w-140w | 0035-3833
856 4 1 _uhttps://shs.cairn.info/revue-philosophique-2015-1-page-95w?lang=fr&redirect-ssocas=7080
999 _c1658590
_d1658590